[Event "Kalyan op 2nd"]
[Site "Kalyan"]
[Date "2019.01.31"]
[Round "4"]
[White "Tikam, Aradhya"]
[Black "Bhat, Sanjay"]
[Result "0-1"]
[WhiteElo "1333"]
[BlackElo "1597"]
[PlyCount "132"]
[EventDate "2019.01.29"]
[EventType "swiss"]
[EventRounds "10"]
[EventCountry "IND"]
[SourceTitle "CBM 188 Extra"]
[Source "ChessBase"]
[SourceDate "2019.02.26"]
[SourceVersion "1"]
[SourceVersionDate "2019.02.26"]
[SourceQuality "1"]

1. e4 e5 2. Nf3 Nc6 3. Bc4 Nf6 4. d3 Bc5 5. c3 a6 6. 0-0 d6 7. h3 Na5 8. Bb3 Nxb3 9. Qxb3 0-0 10. Bg5 h6 11. Bh4 Qe7 12. Nbd2 b5 13. d4 Bb6 14. dxe5 dxe5 15. Bxf6 Qxf6 16. Qd5 Be6 17. Qxe5 Qg6 18. Nh4 Qh7 19. Qg3 Rad8 20. Nhf3 Rd3 21. Rfe1 Rfd8 22. Nf1 Bc8 23. Qf4 g5 24. Qg3 Re8 25. e5 Red8 26. N1h2 Qg6 27. Ng4 Be6 28. a3 Kf8 29. Nf6 c5 30. Rf1 Bc7 31. Rfe1 Bf5 32. Ng4 Ke7 33. Ne3 Be4 34. Rad1 Kf8 35. Qg4 Rxd1 36. Nxd1 f5 37. exf6 Bf5 38. Nh4 gxh4 39. Qxh4 Qg5 40. Qxg5 hxg5 41. Ne3 Be6 42. Ng4 Kf7 43. Ne5+ Kxf6 44. Nf3 g4 45. hxg4 Bxg4 46. Nh2 Bh5 47. Nf1 Rd1 48. Rxd1 Bxd1 49. c4 Be5 50. Ne3 Bb3 51. Ng4+ Kf5 52. Nxe5 Kxe5 53. cxb5 axb5 54. Kf1 Bd5 55. g3 Bf3 56. Ke1 Kd4 57. Kd2 Kc4 58. Kc2 Be4+ 59. Kc1 Kb3 60. f4 Bf5 61. g4 Bxg4 62. Kb1 Bf5+ 63. Ka1 c4 64. a4 Kxa4 65. b3+ Ka3 66. b4 Kxb4 0-1

[Event "Panchavati Resha op 3rd"]
[Site "Panchavati"]
[Date "2017.07.19"]
[Round "3"]
[White "Senthil, Maran K"]
[Black "Bhat, Sanjay"]
[Result "1-0"]
[WhiteElo "2128"]
[BlackElo "1586"]
[PlyCount "79"]
[EventDate "2017.07.18"]
[EventType "swiss"]
[EventRounds "10"]
[EventCountry "IND"]
[SourceTitle "EXT 2018"]
[Source "ChessBase"]
[SourceDate "2017.10.13"]
[SourceVersion "1"]
[SourceVersionDate "2017.10.13"]
[SourceQuality "1"]

1. d4 Nf6 2. g3 e6 3. Bg2 d5 4. Nf3 Be7 5. c4 0-0 6. Qc2 c6 7. 0-0 b6 8. Nbd2 Bb7 9. e4 Na6 10. a3 c5 11. exd5 exd5 12. cxd5 Rc8 13. Qa4 cxd4 14. Qxd4 Qxd5 15. Re1 Rfe8 16. Qxd5 Bxd5 17. b4 Nc7 18. Bb2 Ne6 19. Nd4 Nxd4 20. Bxd4 Bxg2 21. Kxg2 Nd5 22. Rac1 a5 23. Rxc8 Rxc8 24. Bxb6 Nxb6 25. Rxe7 axb4 26. axb4 Kf8 27. Rb7 Rc2 28. Rxb6 Rxd2 29. b5 g5 30. h3 h5 31. Rb8+ Ke7 32. b6 Rb2 33. Rb7+ Kf6 34. g4 hxg4 35. hxg4 Ke6 36. Rb8 f6 37. b7 Kd7 38. Rf8 Rxb7 39. Rxf6 Rb5 40. Rf5 1-0